Entry Nombre personal
001 - NÚMERO DE CONTROL
- campo de control: 46405
003 - IDENTIFICADOR DE NÚMERO DE CONTROL
- campo de control: SpMaBN
005 - FECHA Y HORA DE LA ÚLTIMA TRANSACCIÓN
- campo de control: 20250818030836.0
008 - ELEMENTOS DE DATO DE LONGITUD-FIJA
- campo de control de longitud fija: 901120nn aijnnaabn a aaa
016 ## - NÚMERO DE CONTROL DE UNA AGENCIA BIBLIOGRÁFICA NACIONAL
- Número de control del registro: BNE19900685885
024 7# - IDENTIFICADOR DE OTROS ESTÁNDARES
- Número estándar o código: http://viaf.org/viaf/17231738/
- Fuente: viaf
024 8# - IDENTIFICADOR DE OTROS ESTÁNDARES
- Número estándar o código: https://www.museodelprado.es/coleccion/artista/wd/9c576ae4-8b5 3-4507-8f13-8e65f0e4cf40
024 7# - IDENTIFICADOR DE OTROS ESTÁNDARES
- Número estándar o código: https://isni.org/isni/0000000121222452
- Fuente: isni
024 7# - IDENTIFICADOR DE OTROS ESTÁNDARES
- Número estándar o código: http://www.wikidata.org/entity/Q150679
- Fuente: wikidata
040 ## - FUENTE DE CATALOGACIÓN
- Centro catalogador/agencia de origen: SpMaBN
- Lengua de catalogación: spa
- Centro/agencia transcriptor: SpMaBN
- Normas de descripción: rdc
- Convención/Normas de encabezamiento de materia/tesauro: embne
046 ## - FECHAS CON CODIFICACIÓN ESPECIAL
- Fecha de nacimiento: 1599
- Fecha de la muerte: 1641
100 1# - ENCABEZAMIENTO-NOMBRE DE PERSONA
- Nombre de persona: Dyck, Antoon van,
- Fechas asociadas al nombre: 1599-1641
370 ## - LUGAR ASOCIADO
- Lugar de nacimiento: Amberes
- Número de control del registro de autoridad o número normalizado: XX450857
- Fuente de información: Wikidata
372 ## - CAMPO DE ACTIVIDAD
- Campo de actividad: Pintura
- Campo de actividad: Retrato pictórico
- Fuente de información: Wikidata
373 ## - GRUPO ASOCIADO
- Grupo asociado: Barroco
- Grupo asociado: Gremio de Amberes de San Lucas
- Fuente de información: Wikidata
374 ## - OCUPACIÓN
- Ocupación: Traductores
- Ocupación: Escritores
- Ocupación: Directores de teatro
- Ocupación: Dramaturgos
- Ocupación: Grabadores
- Ocupación: Pintores
- Fuente de información: Wikidata
375 ## - GÉNERO/SEXO
- Género: Masculino
- Fuente de información: Wikidata
400 1# - TRAZADO DE VÉASE--NOMBRE DE PERSONA
- Nombre de persona: Dyck, Anthony van,
- Fechas asociadas al nombre: 1599-1641
400 1# - TRAZADO DE VÉASE--NOMBRE DE PERSONA
- Nombre de persona: Dyck, Antoine van,
- Fechas asociadas al nombre: 1599-1641
400 1# - TRAZADO DE VÉASE--NOMBRE DE PERSONA
- Nombre de persona: Van Dyck, Anthony,
- Títulos y otros términos asociados al nombre: Sir,
- Fechas asociadas al nombre: 1599-1641
400 1# - TRAZADO DE VÉASE--NOMBRE DE PERSONA
- Nombre de persona: Van-Dyck, Anton,
- Fechas asociadas al nombre: 1599-1641
670 ## - FUENTE DE DATOS ENCONTRADOS
- Cita de la fuente: Recherches sur le rôle du dessin dans l'iconographie de van Dyck, 1932-1934
670 ## - FUENTE DE DATOS ENCONTRADOS
- Cita de la fuente: Brit. nat. bibliogr., 1993
- Información encontrada: (Dyck, Anthony van)
670 ## - FUENTE DE DATOS ENCONTRADOS
- Cita de la fuente: Niederländisches Künstler-Lexicon, de Alfred von Wurzbach, 1906
- Información encontrada: (Dyck, Anton van) graveur; n. à Anvers le 22 mars 1599, m. à Blackfriars, près de Londres, le 9 déc. 1641)
670 ## - FUENTE DE DATOS ENCONTRADOS
- Cita de la fuente: Benezit
- Información encontrada: (Dyck, Anton van; portraitiste, peintre d'histoire et graveur; n. à Anvers le 22 mars 1599, m. à Blackfriars, près de Londres, le 9 déc. 1641)
670 ## - FUENTE DE DATOS ENCONTRADOS
- Cita de la fuente: Dic. Larousse de la pintura
- Información encontrada: (Dyck, Antoon van)
670 ## - FUENTE DE DATOS ENCONTRADOS
- Cita de la fuente: CDMARC names, 1993
- Información encontrada: (Van Dyck, Anthony, Sir, 1599-1641)
670 ## - FUENTE DE DATOS ENCONTRADOS
- Cita de la fuente: Cat. Manual de la B.N.
- Información encontrada: (Van-Dyck, Anton)
